000 00378nam a2200157Ia 4500
003 Ost
005 20260225132543.0
008 260225s9999||||xx |||||||||||||| ||und||
040 _cfsic
041 _afre
082 _a440
100 _aMaurice nadean
_eAuteur
245 0 _aLes carnet politiques de francis p.ancien ministre /
245 0 _cMaurice nadean
942 _cكتاب
999 _c33672
_d33672